¿Quién soy yo? ¿Quién eres tú? : persona humana / hombre y mujer / sexualidad humana /

El hombre es un peregrino del absoluto, un caminante con hambre y sed de verdad. No puede contentarse como los demás seres de su entorno, con solo vivir en el mundo en una proyección de sí mismo hacia fuera. Necesita saber quien es, de donde viene y donde camina. Al hombre no le basta ser de cualqui...

Full description

Bibliographic Details
Main Author: Navas Bustamante, Sara
Format: Libro
Language:Spanish
Published: Santiago, Chile Libro primero 2009
Edition:1a. ed.
Subjects:
Online Access:

MARC

LEADER 00000cam a2200000 a 4500
001 002738
003 UAHC_CL
005 20170803115851.0
008 120104s2009 cl 000 spa
020 |a 9789563320442 
040 |a UAHC_CL  |c UAHC_CL  |d UAHC_CL 
082 0 4 |a 199.83  |b 21 
100 1 |a Navas Bustamante, Sara 
245 1 0 |a ¿Quién soy yo? ¿Quién eres tú? :  |b persona humana / hombre y mujer / sexualidad humana /  |c Sara Navas Bustamante. 
250 |a 1a. ed. 
260 |b Libro primero  |a Santiago, Chile  |c 2009 
300 |a 283 p. 
520 |a El hombre es un peregrino del absoluto, un caminante con hambre y sed de verdad. No puede contentarse como los demás seres de su entorno, con solo vivir en el mundo en una proyección de sí mismo hacia fuera. Necesita saber quien es, de donde viene y donde camina. Al hombre no le basta ser de cualquier modo, se siente inclinado a ser en plenitud, a ser él mismo, a ser nada menos que todo un hombre. 
650 4 |a FILOSOFIA CHILENA 
653 |a SOCIOLOGIA 
900 |a 199.83 NAV 
942 |c BK 
952 |0 0  |1 0  |4 0  |6 199_830000000000000_NAV  |7 0  |8 General  |9 6150  |a BC  |b BC  |c General  |d 2017-08-03  |l 0  |o 199.83 NAV  |p 1390019  |r 2026-01-07 00:00:00  |t 1  |w 2017-08-03  |y BK 
952 |0 0  |1 0  |4 0  |6 199_830000000000000_NAV  |7 0  |8 General  |9 6151  |a BC  |b BC  |c General  |d 2017-08-03  |l 0  |o 199.83 NAV  |p 1390020  |r 2026-01-07 00:00:00  |t 2  |w 2017-08-03  |y BK 
999 |c 2738  |d 2738